People who comer poops - Statistics

General Stats
  • This quiz has been taken 17 times
  • The average score is 3 of 8
Answer Stats
Picture Answer % Correct
Big Chungus
83%
Dik Dik
50%
Okonkwo
50%
Alicks Jonés
33%
Gallina
33%
Obabo
33%
Hugo Penas
17%
Skibbles
17%
No matching quizzes found
Score Distribution
Percent of People with Each Score
Percentile by Number Answered
Your Score History
You have not taken this quiz